03211nam a2200553Ia 45000010005000000080041000050100009000460410014000550820016000692450141000852600018002263000007002445200007002516300014002586300020002726300017002926300030003096300021003396500018003606900014003787000043003927000041004359010050004769020006005269030051005329040036005839050027006199060006006469070014006529080014006669090051006809100015007319110010007469120014007569130009007709140024007799150019008039160009008229170009008319180014008409190033008545201711008879210007025989220007026059230006026129240014026189420010026329990015026425316241029s9999 xx 000 0 und d a5017 aEspañol aMA-PSC-0002 0aPrevalencia del Trastorno Depresivo Mayor, en la Clínica Conductual Reno, durante el año 2012, Santo Domingo, República Dominicana aSanto Domingo a64 a12 aActitudes aConducta Humana aPsicología aPsicología-Evaluación aRecursos Humanos aOrientación aElaborado easesoraViloria Santos, Juan Francisco eautoraTaveras Rivera, Lilian Aurora a{"1":"Taveras Rivera"}b{"1":"Lilian Aurora"} a1 a{"1":"Viloria Santos"}b{"1":"Juan Francisco"} aMaestría Profesionalizante en aPsicología Educativa a2 aNO APLICA aNO APLICA aUniversidad Autónoma de Santo Domingo (UASD) aNULLbNULL a["1"] aNO APLICA aNULL a01 de Enero de 2013 a31/01/17 10:01 aNULL aNULL aNO APLICA a["6","46","172","173","268"] aLos principales propósitos del estudio consistieron  en determinar la prevalencia del Trastorno Depresivo Mayor, en la Clínica Conductual Reno, durante el año 2012, en la Ciudad de Santo Domingo, República Dominicana. A la vez, identificar el género de mayor prevalencia en el mismo.Esta investigación se inscribió dentro del tipo diagnóstico-descriptivo, con la aplicación de los métodos: inductivo-deductivo, con estudio documental retrospectivo; basado en la revisión de expedientes clínicos. La muestra fue constituida por todos los pacientes diagnosticados con el Trastorno Depresivo Mayor, durante el periodo ya establecido; con el objetivo de determinar la prevalencia del  trastorno en esta institución. Los análisis realizados indicaron que la prevalencia del Trastorno Depresivo Mayor, es de un 33% en la Clínica Conductual Reno. Su prevalencia en el sexo femenino es de un 55%. La edad de mayor prevalencia es de 40 a 49 años. De los expedientes estudiados, un 30% llegó con idea suicida. Un 50% de los pacientes con este trastorno son profesionales.En base a los resultados de este estudio, se presentaron algunas recomendaciones: poner en marcha medidas dirigidas a reducir el riesgo del Trastorno Depresivo Mayor, especialmente en pacientes del género femenino, en todas las instituciones de salud mental del país, tomando en cuenta el alto índice de cronicidad.  Elaborar campañas publicitarias sobre la identificación, causa y consecuencia de este trastorno para la educación del público en general.  Mejorar el diagnóstico del Trastorno Depresivo Mayor y proveer un tratamiento adecuado en todas las instituciones de salud mental.  a50 a50 a0 aNO APLICA cTesis c5017d5017